Erecciones, eyaculaciones, exhibiciones /

Gardado en:
Detalles Bibliográficos
Autor Principal: Bukowski, Charles (autor)
Outros autores: Alvarez-Flórez, José Manuel (traducción) (traducción), Pérez, Angela (traducción) (traducción)
Formato: Libro
Idioma:Lingua castelá
Publicado: Barcelona, España : Anagrama, 1998, c1992
Edición:6a edición
Series:(Compactos ; 39)
Temas:
Etiquetas: Engadir etiqueta
Sen Etiquetas, Sexa o primeiro en etiquetar este rexistro!

MARC

LEADER 00000nam^a2200000^a^4500
001 000439621
005 20250521000000.0
009 20260310123314.691
020 |a 84-339-2043-X 
037 |a Acervo ITESO - Biblioteca 
041 |a ESP 
082 |a 813.  |b BUK 
100 |a Bukowski, Charles  |e (autor) 
245 1 0 |a Erecciones, eyaculaciones, exhibiciones /  |c C. Bukowski ; tr. por J.M. Alvarez-Flórez, A. Pérez. 
250 |a 6a edición 
264 4 |a Barcelona, España :  |b Anagrama,  |c 1998, c1992 
300 |a 186 p. 
336 |a texto  |b txt  |2 rdacontenido 
337 |a sin mediación  |b n  |2 rdamedio 
338 |a volumen  |b nc  |2 rdasoporte 
440 1 |a (Compactos ;  |v 39) 
500 |a Traducción de: Erections, Ejaculations, Exhibitions and General Tales of Ordinary Madness 
545 0 |a Charles Bukowski (EUA, 1920-1994) es considerado el último escritor "maldito" de la literatura de su país, con una obra altamente autobiográfica por la que desfilan los perdedores que Hollywood normalmente no ama. En su narrativa se muestra como un ácido crítico del "American Way of life", con títulos emblemáticos como: Cartero (1971); Erecciones, eyaculaciones, exhibiciones (1972); La máquina de follar (1972); Factótum (1975); Mujeres (1978); Shakespeare nunca lo hizo (1979); La senda del perdedor (1982); Música de cañerías (1983); Pulp (1994), entre otros. 
649 |a XX 
650 |a Cuentos Norteamericanos 
650 |a Literatura Norteamericana -  |y Siglo XX 
700 |a Alvarez-Flórez, José Manuel  |e (traducción) 
700 |a Pérez, Angela  |e (traducción) 
910 |a Fondo Castillo-Martínez 
920 |a Impresos - Libros 
930 |a Fondos Especiales 
940 |a Literatura 
905 |a 127 
901 |a 0500348262  |b IT2  |c ESP  |i D127008  |u 20250521 
902 |a https://opac.biblio.iteso.mx/vufind/Record/000439621